000
00323 a2200157 4500
001
188643
020
_a
978-85-7616-222-3
040
_c
Magnum
100
_a
Tezuka, Osamu
240
1
0
_a
Adolf 5
_l
por
245
1
0
_a
Adolf 5
300
_a
246
362
0
_a
2007
697
_a
LITERATURA JUVENIL ESTRANGEIRA
942
_c
BK
999
_c
188643
_d
188643